000 00232nam a22000857a 4500
008 160810b xxu||||| |||| 00| 0 eng d
100 _9103
_aKundra D.N
245 _aSocial Science-8
260 _aNew Delhi
_bGoyal Brother's Publication
_c2011
999 _c2756
_d2756